000 00790nam a2200253Ia 4500
003 OSt
005 20220927104121.0
006 a|||||r|||| 00| 0
007 ta
008 220926b |||||||| |||| 00| 0 eng d
024 _a122989
037 _cReference Collections
040 _aRTL
_cRTL
_beng
041 _2eng
_aeng
082 _a"Wa43.N79<--N67, M0/BB"
100 _aArief Sritua
_9364322
245 0 _a"Southeast Asian politics, 1967-1979"
_b A bibliograph
260 _aKuala
_bLumpur Meta Consult
_c1980
300 _a468p
_ccm.
490 _aSouth East Asia Research and Development Institute Publication
650 _aPolitical Science
_9364323
942 _h"Wa43.N79<--N67, M0/BB"
_cCC
999 _c686180
_d686180